000 00744cab a2200217 4500
001 WB2726-14
008 090401t1991 xxu||||| |||| 00| 0 eng d
035 _a(Sirsi) u27767
041 _aeng
245 _aTenants can help home owners with arrears
260 _c1991
350 _a0
490 _aTimes
_v1/7/91 p31(2)
520 _aLooks at restrictions by mortgage lenders on mortgagees wishing to let property to help with mortgage arrears . Gives examples. Concludes with comment on how mortgage lenders are willing to negotiate special deals with borrowers to avoid repossession .
650 _aBANKS
650 _aBUILDING SOCIETIES
650 _aRECESSION
690 _aHOUSING-FINANCE
942 _n0
948 _c04/03/1997
999 _c18706
_d18706